Las crónicas de la Canongate (Registro nro. 86766)

Detalles MARC
000 -ENCABEZADO
Número de control [NR] 00575nam a22001697a 4500
008 - DE LONGITUD FIJA DE DATOS DE ELEMENTOS - INFORMACIÓN GENERAL
Elementos de longitud fija [NR] 130821s1831 fr gr spa
040 ## - FUENTE DE CATALOGACION [NR]
Agencia de catalogación original [NR] Co-BoUCM
Idioma de catalogación [NR] spa
041 00 - CODIGO DE IDIOMA [R]
Código de idioma para texto/pista de sonido o título separado [R] Español
245 04 - MENCION DE TITULO [NR]
Título [NR] Las crónicas de la Canongate
Mención de responsabilidad, etc. [NR] Walter Scott ; versión castellana por Rafael Mesa López
260 ## - PUBLICACION, DISTRIBUCION, ETC. (PIE DE IMPRENTA) [R]
Lugar de publicación, distribución, etc. [R] París (Francia)
Nombre del editor, distribuidor, etc. [R] Garnier Hermanos
Fecha de publicación, distribución, etc. [R] 1831
300 ## - DESCRIPCION FISICA [R]
Extensión [R] 2 volúmenes
520 ## - NOTA DE RESUMEN, ETC. [R]
Nota de sumario, etc. [NR] Mesa López, Rafael.
-- Tr
650 04 - ASIENTO SECUNDARIO DE MATERIA - TERMINO TEMATICO [R]
Término temático o nombre geográfico como elemento de entrada [NR] Literatura inglesa
9 (RLIN) 272
650 04 - ASIENTO SECUNDARIO DE MATERIA - TERMINO TEMATICO [R]
Término temático o nombre geográfico como elemento de entrada [NR] Novela inglesa
9 (RLIN) 20530
942 ## - ELEMENTOS DE ENTRADA AGREGADOS (KOHA)
Tipo de ítem principal el descrito en 300a Libro
Tema principal Literatura
Edición 1
Parte restante de la signatura top. S26C
Título oculto en OPAC No
Sistema de clasificación DEWEY
Clasificación 823
Existencias
Signatura topográfica Código de barras Última vez visto Volúmen / Fascículo Ejemplar Price effective from Tipo de ítem Perdido Sistema de clasificación Dañado No prestable Tipo de ítem específico Suprimido Ubicación habitual Ubicación actual Localización Fecha de creación Forma de adquisición Costo
FCS 823 S26C 120002509 11/07/2012 1831 V.2 Ej.1 03/02/2013 Libro   DEWEY     Fondos especiales     Archivo Histórico Archivo histórico 28/02/2003 Donación 1000.00
FCS 823 S26C 120002508 11/07/2012 1831 V.1 Ej.1 03/02/2013 Libro   DEWEY     Fondos especiales     Archivo Histórico Archivo histórico 28/02/2003 Donación 1000.00